[Event "42. Open Ciutat de Badalona 2016 - B"]
[Site "Badalona ESP"]
[Date "2016.08.08"]
[Round "7.3"]
[White "Fernandez Egea, Andres"]
[Black "Palacios Pena, Gerardo"]
[Result "1/2-1/2"]
[WhiteElo "1885"]
[BlackElo "1900"]
[PlyCount "110"]
[EventDate "2016.08.02"]
[EventType "swiss"]
[EventRounds "9"]
[EventCountry "ESP"]
[SourceTitle "Ajedrez en Madrid"]
[Source "lmi"]
[SourceDate "2016.08.02"]
[SourceVersion "1"]
[SourceVersionDate "2018.07.18"]
[SourceQuality "1"]

1. e4 d5 2. exd5 Qxd5 3. Nc3 Qa5 4. d4 Nf6 5. Bc4 c6 6. Bb3 Bf5 7. Bd2 e6 8.
Nge2 Qd8 9. Ng3 Bg6 10. Bf4 Bd6 11. Qd2 Qc7 12. Bxd6 Qxd6 13. O-O Nbd7 14. f3
O-O 15. Nce4 Qc7 16. c4 Rad8 17. Qe3 b6 18. Rfd1 c5 19. d5 exd5 20. cxd5 Rfe8
21. Rd2 Kh8 22. Ba4 a6 23. Rad1 b5 24. Bc2 Nxe4 25. fxe4 f5 26. d6 Qc6 27. h4
h6 28. Rd5 fxe4 29. Nf5 Bxf5 30. Rxf5 Re6 31. g4 Rxd6 32. Rdf1 Re8 33. Qf4 Rf6
34. g5 Rxf5 35. Qxf5 Rf8 36. Bxe4 Rxf5 37. Bxc6 Rxf1+ 38. Kxf1 Ne5 39. Bb7 a5
40. gxh6 gxh6 41. Ke2 Kg7 42. b3 Kf6 43. Ke3 Kf5 44. Bc8+ Kf6 45. Ke4 c4 46.
bxc4 Nxc4 47. Kd4 Nd6 48. Ba6 Ke7 49. Kc5 b4 50. Bd3 Kd7 51. Bc2 Kc7 52. Bb3
Nb7+ 53. Kb5 Kd6 54. Kb6 Nd8 55. Kxa5 Kc5 1/2-1/2

[Event "42. Open Ciutat de Badalona 2016 - B"]
[Site "Badalona ESP"]
[Date "2016.08.08"]
[Round "7.4"]
[White "Corrales Adamuz, Cristian"]
[Black "Valarezzo Ricard, Pedro"]
[Result "0-1"]
[WhiteElo "1878"]
[BlackElo "1839"]
[PlyCount "70"]
[EventDate "2016.08.02"]
[EventType "swiss"]
[EventRounds "9"]
[EventCountry "ESP"]
[SourceTitle "Ajedrez en Madrid"]
[Source "lmi"]
[SourceDate "2016.08.02"]
[SourceVersion "1"]
[SourceVersionDate "2018.07.18"]
[SourceQuality "1"]

1. c4 e6 2. e4 d5 3. cxd5 exd5 4. e5 c5 5. b4 Nc6 6. Bb5 Qb6 7. Nc3 Be6 8. Nf3
cxb4 9. Bxc6+ Qxc6 10. Ne2 Bc5 11. d4 Be7 12. Bd2 Bg4 13. Qb3 Qc4 14. Qe3 Nh6
15. Qf4 O-O 16. h3 Be6 17. g4 Qd3 18. Qg3 Rfc8 19. Nf4 Qe4+ 20. Be3 Bg5 21. O-O
Bxf4 22. Bxf4 Rc3 23. Be3 Kh8 24. Nd2 Qg6 25. Rac1 Rac8 26. Rxc3 Rxc3 27. Qh4
Ng8 28. Nb3 b6 29. Bd2 Rc4 30. f3 a5 31. Qe1 Qd3 32. Be3 Rc3 33. Kf2 Rc2+ 34.
Kg3 Re2 35. Nc1 Rxe1 0-1

[Event "42. Open Ciutat de Badalona 2016 - B"]
[Site "Badalona ESP"]
[Date "2016.08.08"]
[Round "7.5"]
[White "Ramirez Garcia, Lluis"]
[Black "Romeu Perulles, Jaume"]
[Result "1/2-1/2"]
[WhiteElo "1785"]
[BlackElo "1937"]
[PlyCount "127"]
[EventDate "2016.08.02"]
[EventType "swiss"]
[EventRounds "9"]
[EventCountry "ESP"]
[SourceTitle "Ajedrez en Madrid"]
[Source "lmi"]
[SourceDate "2016.08.02"]
[SourceVersion "1"]
[SourceVersionDate "2018.07.18"]
[SourceQuality "1"]

1. e4 e5 2. Nf3 Nf6 3. Nxe5 d6 4. Nf3 Nxe4 5. Qe2 Qe7 6. d3 Nf6 7. Qxe7+ Bxe7
8. Nc3 c6 9. h3 O-O 10. Be3 d5 11. O-O-O Bd7 12. d4 Bb4 13. Bd3 Bxc3 14. bxc3
Ne4 15. Kb2 f5 16. Ne5 f4 17. f3 Ng3 18. Nxd7 Nxd7 19. Bd2 Nxh1 20. Rxh1 Rae8
21. c4 dxc4 22. Bxc4+ Kh8 23. Bb4 Rf5 24. Rd1 Nb6 25. Bd3 Rg5 26. Bd6 Nd5 27.
Rd2 Re6 28. Be5 Nb4 29. Bxf4 Nxd3+ 30. cxd3 Rb5+ 31. Kc3 Re1 32. Rc2 Kg8 33.
Bg3 Ra1 34. Bd6 Rbb1 35. Bf4 b5 36. Kd2 Rg1 37. Rxc6 Rxg2+ 38. Kc3 Raxa2 39. d5
Kf7 40. Rc7+ Ke8 41. Rc8+ Kd7 42. Rc7+ Kd8 43. Rf7 Ke8 44. Rb7 Rgc2+ 45. Kd4
Ra4+ 46. Ke3 Rc5 47. d6 Rd5 48. Rxg7 Ra3 49. Re7+ Kd8 50. Rxh7 Raxd3+ 51. Ke4
a5 52. Be5 Rxd6 53. Bxd6 Rxd6 54. Ke5 Rd3 55. Rb7 Rxf3 56. Rxb5 Rxh3 57. Kd6
Rd3+ 58. Kc5 Ra3 59. Kb6 a4 60. Ra5 Ra1 61. Kb5 a3 62. Kb4 Rb1+ 63. Kxa3 Ra1+
64. Kb4 1/2-1/2

[Event "42. Open Ciutat de Badalona 2016 - B"]
[Site "Badalona ESP"]
[Date "2016.08.08"]
[Round "7.6"]
[White "Alonso Gomez, Raul"]
[Black "Cano Sevila, Ivan"]
[Result "1-0"]
[WhiteElo "1876"]
[BlackElo "1890"]
[PlyCount "79"]
[EventDate "2016.08.02"]
[EventType "swiss"]
[EventRounds "9"]
[EventCountry "ESP"]
[SourceTitle "Ajedrez en Madrid"]
[Source "lmi"]
[SourceDate "2016.08.02"]
[SourceVersion "1"]
[SourceVersionDate "2018.07.18"]
[SourceQuality "1"]

1. e4 c5 2. Nc3 g6 3. g3 Bg7 4. Bg2 Nc6 5. d3 d6 6. Be3 Nf6 7. Qd2 a6 8. Bh6
O-O 9. Bxg7 Kxg7 10. Nge2 Rb8 11. O-O Bd7 12. Nf4 e6 13. h4 h6 14. Nd1 b5 15.
Ne3 a5 16. c3 a4 17. d4 cxd4 18. cxd4 Qb6 19. d5 Ne5 20. Rfd1 Nc4 21. Nxc4 bxc4
22. dxe6 Bxe6 23. Nxe6+ fxe6 24. Rab1 Ng4 25. Rf1 Kh7 26. Bh3 Ne5 27. Bg2 Qc5
28. Kh1 a3 29. b4 cxb3 30. axb3 Qb4 31. Qe3 Nc4 32. bxc4 Qxb1 33. Rxb1 Rxb1+
34. Kh2 Ra8 35. e5 a2 36. Bxa8 a1=Q 37. Be4 Re1 38. Qf4 Qxe5 39. Qf7+ Qg7 40.
Bxg6+ 1-0

[Event "42. Open Ciutat de Badalona 2016 - B"]
[Site "Badalona ESP"]
[Date "2016.08.08"]
[Round "7.7"]
[White "Castejon Ch De Guzman, Diego"]
[Black "Andreu Termes, Frederic"]
[Result "1/2-1/2"]
[WhiteElo "1946"]
[BlackElo "1851"]
[PlyCount "66"]
[EventDate "2016.08.02"]
[EventType "swiss"]
[EventRounds "9"]
[EventCountry "ESP"]
[SourceTitle "Ajedrez en Madrid"]
[Source "lmi"]
[SourceDate "2016.08.02"]
[SourceVersion "1"]
[SourceVersionDate "2018.07.18"]
[SourceQuality "1"]

1. d4 Nf6 2. Nf3 g6 3. c4 Bg7 4. Nc3 d6 5. e4 O-O 6. Be2 c6 7. O-O a5 8. h3 Na6
9. Be3 Bd7 10. a4 Nb4 11. Qd2 Ne8 12. Bh6 Qc7 13. Bxg7 Kxg7 14. Rfe1 Nf6 15.
Rac1 e5 16. dxe5 dxe5 17. Red1 Be6 18. Qd6 Qxd6 19. Rxd6 Ne8 20. Rd2 f6 21.
Rcd1 Nc7 22. Rd6 Kf7 23. Rd7+ Bxd7 24. Rxd7+ Ke6 25. Rxc7 Rf7 26. Rxf7 Kxf7 27.
c5 Rd8 28. Bc4+ Ke7 29. Kf1 Nc2 30. Ke2 h6 31. b3 g5 32. Bd3 Nb4 33. Bc4 Nc2
1/2-1/2

[Event "42. Open Ciutat de Badalona 2016 - B"]
[Site "Badalona ESP"]
[Date "2016.08.08"]
[Round "7.8"]
[White "Colome Rovira, Oscar"]
[Black "Ruiz Molina, Gabriel"]
[Result "1-0"]
[WhiteElo "1845"]
[BlackElo "1929"]
[PlyCount "97"]
[EventDate "2016.08.02"]
[EventType "swiss"]
[EventRounds "9"]
[EventCountry "ESP"]
[SourceTitle "Ajedrez en Madrid"]
[Source "lmi"]
[SourceDate "2016.08.02"]
[SourceVersion "1"]
[SourceVersionDate "2018.07.18"]
[SourceQuality "1"]

1. d4 d5 2. Nf3 Nf6 3. Bf4 c6 4. h3 Qb6 5. Qc1 e6 6. e3 Nbd7 7. Be2 c5 8. c3
Bd6 9. O-O Qc7 10. Na3 a6 11. Nc2 O-O 12. Bxd6 Qxd6 13. Re1 Re8 14. Qd1 b6 15.
Bd3 Bb7 16. b3 e5 17. Bf5 Rad8 18. Bxd7 Nxd7 19. Nh2 Qg6 20. f3 Re7 21. Qd2
Rde8 22. f4 e4 23. Qf2 f5 24. a3 Rc8 25. Rac1 Nf6 26. c4 Rec7 27. dxc5 Rxc5 28.
Nd4 dxc4 29. Ne6 Ng4 30. hxg4 Qxe6 31. gxf5 Qxf5 32. g4 Qf7 33. bxc4 b5 34. Qh4
Bd5 35. g5 Be6 36. Red1 g6 37. Ng4 Bxg4 38. Qxg4 Qf5 39. Qe2 Rxc4 40. Rxc4 bxc4
41. Rd6 c3 42. Qa2+ Qf7 43. Qc2 Qf5 44. Qb3+ Kh8 45. Qb6 Qc5 46. Rd8+ Rxd8 47.
Qxc5 Rd1+ 48. Kf2 Rd3 49. Qf8# 1-0

[Event "42. Open Ciutat de Badalona 2016 - B"]
[Site "Badalona ESP"]
[Date "2016.08.08"]
[Round "7.9"]
[White "Daimiel Bescos, Eleuterio"]
[Black "Terrones Hernandez, Jonathan"]
[Result "1/2-1/2"]
[WhiteElo "1927"]
[BlackElo "1845"]
[PlyCount "95"]
[EventDate "2016.08.02"]
[EventType "swiss"]
[EventRounds "9"]
[EventCountry "ESP"]
[SourceTitle "Ajedrez en Madrid"]
[Source "lmi"]
[SourceDate "2016.08.02"]
[SourceVersion "1"]
[SourceVersionDate "2018.07.18"]
[SourceQuality "1"]

1. e4 e5 2. Nf3 Nf6 3. Nxe5 d6 4. Nf3 Nxe4 5. d4 d5 6. Bd3 Be7 7. O-O O-O 8.
Re1 f5 9. c4 c6 10. Nc3 Na6 11. Qb3 Nxc3 12. bxc3 Nc7 13. c5 Ne8 14. Bf4 Nf6
15. Ne5 Nh5 16. Bd2 Bf6 17. Qc2 Bxe5 18. Rxe5 g6 19. Rae1 Nf6 20. Bg5 Bd7 21.
g4 Qc7 22. gxf5 Ng4 23. fxg6 hxg6 24. Bxg6 Rxf2 25. Bh7+ Kh8 26. Qg6 Raf8 27.
Be7 Nxe5 28. dxe5 Qxe5 29. Rxe5 Rf1+ 30. Kg2 R1f2+ 31. Kg3 R8f3+ 32. Kh4 Rxh2+
33. Kg5 Rg2+ 34. Kh6 Rh3+ 35. Rh5 Rxg6+ 36. Kxg6 Be8+ 37. Kf6 Rxh5 38. Bf5 Rh2
39. Ke5 Re2+ 40. Kd6 Bf7 41. Bf6+ Kg8 42. Bc8 Rxa2 43. Bxb7 Re2 44. Bd8 Be8 45.
Bc8 Re3 46. Ba5 Kf7 47. Bg4 Kf6 48. Bd8+ 1/2-1/2

[Event "42. Open Ciutat de Badalona 2016 - B"]
[Site "Badalona ESP"]
[Date "2016.08.08"]
[Round "7.10"]
[White "Casset Bello, Elena"]
[Black "Vinas Serrano, Jordi"]
[Result "1-0"]
[WhiteElo "1926"]
[BlackElo "1835"]
[PlyCount "75"]
[EventDate "2016.08.02"]
[EventType "swiss"]
[EventRounds "9"]
[EventCountry "ESP"]
[SourceTitle "Ajedrez en Madrid"]
[Source "lmi"]
[SourceDate "2016.08.02"]
[SourceVersion "1"]
[SourceVersionDate "2018.07.18"]
[SourceQuality "1"]

1. d4 Nf6 2. Nf3 c5 3. d5 e6 4. c4 exd5 5. cxd5 d6 6. Nc3 g6 7. g3 Bg7 8. Bg2
O-O 9. O-O Bd7 10. Bf4 Qc7 11. a4 Nh5 12. Bc1 Na6 13. Nd2 c4 14. Nb5 Bxb5 15.
axb5 Nb4 16. Ra4 Qc5 17. Ne4 Qxb5 18. Nxd6 Qb6 19. Nxc4 Qc5 20. Na3 a5 21. Be3
Qd6 22. Nc4 Qa6 23. b3 Qb5 24. Bb6 Nf6 25. e4 Nd7 26. Rxa5 Rxa5 27. Bxa5 Na6
28. Bd2 Nac5 29. Nd6 Qxb3 30. Qxb3 Nxb3 31. Be3 Be5 32. Nc4 Bg7 33. Rb1 Nbc5
34. Rb5 Rc8 35. Nd6 Rc7 36. Bh3 Bf8 37. Ne8 Rc8 38. Nf6+ 1-0

[Event "42. Open Ciutat de Badalona 2016 - B"]
[Site "Badalona ESP"]
[Date "2016.08.09"]
[Round "8.1"]
[White "Colom Andres, Xavier"]
[Black "Petit Montes, Marc"]
[Result "1/2-1/2"]
[WhiteElo "1790"]
[BlackElo "1770"]
[PlyCount "58"]
[EventDate "2016.08.02"]
[EventType "swiss"]
[EventRounds "9"]
[EventCountry "ESP"]
[SourceTitle "Ajedrez en Madrid"]
[Source "lmi"]
[SourceDate "2016.08.02"]
[SourceVersion "1"]
[SourceVersionDate "2018.07.18"]
[SourceQuality "1"]

1. d4 d5 2. c4 c6 3. cxd5 cxd5 4. Nc3 Nc6 5. e4 e6 6. Nf3 dxe4 7. Nxe4 Bb4+ 8.
Nc3 Nf6 9. a3 Be7 10. Bd3 a6 11. O-O O-O 12. b4 b5 13. Ne4 Nxe4 14. Bxe4 Bb7
15. Qd3 f5 16. Bxc6 Bxc6 17. Ne5 Bb7 18. Qb3 Bd5 19. Qg3 Bh4 20. Qe3 Bf6 21.
Bb2 Rc8 22. Rac1 Qe7 23. Rc5 Qb7 24. Rfc1 Be7 25. Rxc8 Rxc8 26. Rxc8+ Qxc8 27.
Qc3 Qb7 28. f3 Bd6 29. Bc1 Bxe5 1/2-1/2

[Event "42. Open Ciutat de Badalona 2016 - B"]
[Site "Badalona ESP"]
[Date "2016.08.09"]
[Round "8.2"]
[White "Martinez Perez, Pablo"]
[Black "Valarezzo Ricard, Pedro"]
[Result "1-0"]
[WhiteElo "1799"]
[BlackElo "1839"]
[PlyCount "113"]
[EventDate "2016.08.02"]
[EventType "swiss"]
[EventRounds "9"]
[EventCountry "ESP"]
[SourceTitle "Ajedrez en Madrid"]
[Source "lmi"]
[SourceDate "2016.08.02"]
[SourceVersion "1"]
[SourceVersionDate "2018.07.18"]
[SourceQuality "1"]

1. e4 d5 2. exd5 Qxd5 3. Nc3 Qd6 4. d4 Nf6 5. Nf3 c6 6. Ne5 Nbd7 7. Nc4 Qc7 8.
Qf3 Nb6 9. Bf4 Qd8 10. h3 Nbd5 11. O-O-O Nxf4 12. Qxf4 Nd5 13. Nxd5 Qxd5 14.
Kb1 Be6 15. b3 g5 16. Qc7 Qd7 17. Qxd7+ Kxd7 18. Ne3 Kc7 19. d5 Bd7 20. g4 e6
21. dxe6 Bxe6 22. Bd3 Bc5 23. Rhe1 h5 24. Bf5 Bxe3 25. Rxe3 Bxf5 26. Re7+ Kb6
27. gxf5 f6 28. Rdd7 Rab8 29. Rf7 Rh6 30. Rd6 Kc5 31. Rdxf6 Rxf6 32. Rxf6 Rg8
33. Rg6 Rh8 34. Rxg5 b5 35. f6+ Kd6 36. f7 Rf8 37. Rf5 h4 38. Rf4 Ke5 39. Rxh4
Rxf7 40. f4+ Kf5 41. Kb2 b4 42. a3 bxa3+ 43. Kxa3 Rb7 44. Ka4 Rd7 45. c4 Rd1
46. Kb4 Rb1 47. Rh5+ Kxf4 48. Ra5 Kg3 49. Ra3 Kxh3 50. Kc5 Kg4 51. Kxc6 Kf5 52.
Kc5 Ke5 53. b4 Ke4 54. Rxa7 Kd3 55. Rd7+ Kc3 56. b5 Ra1 57. Rh7 1-0

[Event "42. Open Ciutat de Badalona 2016 - B"]
[Site "Badalona ESP"]
[Date "2016.08.09"]
[Round "8.4"]
[White "Casset Bello, Elena"]
[Black "Fernandez Egea, Andres"]
[Result "1/2-1/2"]
[WhiteElo "1926"]
[BlackElo "1885"]
[PlyCount "76"]
[EventDate "2016.08.02"]
[EventType "swiss"]
[EventRounds "9"]
[EventCountry "ESP"]
[SourceTitle "Ajedrez en Madrid"]
[Source "lmi"]
[SourceDate "2016.08.02"]
[SourceVersion "1"]
[SourceVersionDate "2018.07.18"]
[SourceQuality "1"]

1. d4 Nf6 2. Nf3 g6 3. c4 Bg7 4. Nc3 d6 5. e4 O-O 6. Be2 e5 7. O-O Nc6 8. d5
Ne7 9. b4 Nh5 10. Re1 a5 11. bxa5 Rxa5 12. Rb1 Nf4 13. Bf1 b6 14. Rb5 Ra8 15.
a4 f5 16. Bxf4 exf4 17. Rb3 Bd7 18. e5 dxe5 19. Nxe5 Be8 20. Nb5 Nc8 21. Rd3
Bxb5 22. cxb5 Re8 23. Nc6 Qd7 24. Rxe8+ Qxe8 25. Nd4 Qe4 26. Ne6 Be5 27. Ra3
Ne7 28. Nxc7 Bxc7 29. d6 Bd8 30. dxe7 Bxe7 31. Ra2 Rd8 32. Qb3+ Kg7 33. a5 bxa5
34. Rxa5 Qb4 35. Qxb4 Bxb4 36. Ra6 Rd2 37. Re6 Bc5 38. Re2 Rxe2 1/2-1/2

[Event "42. Open Ciutat de Badalona 2016 - B"]
[Site "Badalona ESP"]
[Date "2016.08.09"]
[Round "8.5"]
[White "Romeu Perulles, Jaume"]
[Black "Lozano Ruiz, David"]
[Result "0-1"]
[WhiteElo "1937"]
[BlackElo "1834"]
[PlyCount "68"]
[EventDate "2016.08.02"]
[EventType "swiss"]
[EventRounds "9"]
[EventCountry "ESP"]
[SourceTitle "Ajedrez en Madrid"]
[Source "lmi"]
[SourceDate "2016.08.02"]
[SourceVersion "1"]
[SourceVersionDate "2018.07.18"]
[SourceQuality "1"]

1. e4 e6 2. d4 d5 3. e5 c5 4. c3 Qb6 5. Qg4 Nh6 6. Qf4 cxd4 7. Bd3 Nc6 8. Nf3
Be7 9. O-O Bd7 10. Re1 O-O-O 11. Nxd4 Nxd4 12. cxd4 f5 13. Nc3 g5 14. Qf3 Kb8
15. a4 Rhg8 16. Qd1 Nf7 17. Bb5 Bc6 18. Bxc6 Qxc6 19. Nb5 a6 20. Na3 h5 21. Bd2
b6 22. b4 Qb7 23. Qb3 h4 24. Rec1 g4 25. Rc3 Bg5 26. Bxg5 Nxg5 27. Rac1 Nf3+
28. gxf3 gxf3+ 29. Kf1 Rg1+ 30. Kxg1 Qg7+ 31. Kf1 Qg2+ 32. Ke1 Qg1+ 33. Kd2
Qxf2+ 34. Kd3 Qe2# 0-1

[Event "42. Open Ciutat de Badalona 2016 - B"]
[Site "Badalona ESP"]
[Date "2016.08.09"]
[Round "8.6"]
[White "Ros Montes, Daniel"]
[Black "Delgado Camara, Lluis Felix"]
[Result "1/2-1/2"]
[WhiteElo "1885"]
[BlackElo "1792"]
[PlyCount "74"]
[EventDate "2016.08.02"]
[EventType "swiss"]
[EventRounds "9"]
[EventCountry "ESP"]
[SourceTitle "Ajedrez en Madrid"]
[Source "lmi"]
[SourceDate "2016.08.02"]
[SourceVersion "1"]
[SourceVersionDate "2018.07.18"]
[SourceQuality "1"]

1. e4 e6 2. d4 d5 3. Nd2 Nf6 4. e5 Nfd7 5. Bd3 c5 6. c3 Nc6 7. Ne2 cxd4 8. cxd4
f6 9. Nf4 Nxd4 10. Qh5+ Ke7 11. exf6+ Nxf6 12. Ng6+ hxg6 13. Qxh8 Kf7 14. O-O
e5 15. Nb3 Nxb3 16. axb3 e4 17. Be2 d4 18. Bc4+ Be6 19. Qh3 Nd5 20. Bxd5 Qxd5
21. Qg3 Bb4 22. Rd1 a6 23. Bd2 Be7 24. Rac1 Qh5 25. Qf4+ Bf5 26. f3 e3 27. g4
Qg5 28. Bxe3 dxe3 29. Qxg5 Bxg5 30. Rc7+ Kg8 31. gxf5 Re8 32. Re1 gxf5 33. Re2
Bf6 34. Kf1 b6 35. Rc6 Bd4 36. Rd6 Bc5 37. Rg6 Kf7 1/2-1/2

[Event "42. Open Ciutat de Badalona 2016 - B"]
[Site "Badalona ESP"]
[Date "2016.08.09"]
[Round "8.7"]
[White "Flores Linan, Jose Luis"]
[Black "Devos, Herve"]
[Result "1/2-1/2"]
[WhiteElo "1824"]
[BlackElo "1885"]
[PlyCount "178"]
[EventDate "2016.08.02"]
[EventType "swiss"]
[EventRounds "9"]
[EventCountry "ESP"]
[SourceTitle "Ajedrez en Madrid"]
[Source "lmi"]
[SourceDate "2016.08.02"]
[SourceVersion "1"]
[SourceVersionDate "2018.07.18"]
[SourceQuality "1"]

1. d4 Nf6 2. c4 e5 3. dxe5 Ng4 4. Nf3 Bc5 5. e3 Nc6 6. Nc3 O-O 7. Bd2 Re8 8.
Be2 Ngxe5 9. O-O Nxf3+ 10. Bxf3 Ne5 11. Be2 Ng6 12. a3 a5 13. Qc2 b6 14. Bf3
Rb8 15. Ne4 Bf8 16. g3 d6 17. Nc3 Ne5 18. Be2 Bh3 19. Rfc1 Qd7 20. Nd5 Re6 21.
Qe4 Rbe8 22. Nf4 Rh6 23. Qh1 g5 24. Nxh3 Qxh3 25. Qg2 g4 26. Qxh3 gxh3 27. f4
Nd7 28. b4 Bg7 29. Ra2 Bd4 30. Kf2 Bf6 31. Bg4 Re7 32. e4 Bd4+ 33. Kf3 Rg6 34.
Bxd7 Rxd7 35. f5 Rg7 36. Bh6 f6 37. Bxg7 Rxg7 38. Rd2 Be5 39. c5 bxc5 40. bxc5
h5 41. Rb1 Kh7 42. c6 a4 43. Rb8 Bc3 44. Rc2 Ba5 45. Rc4 Re7 46. Rd8 Re5 47.
Rd7+ Kh6 48. Rf7 Kg5 49. Rg7+ Kh6 50. Rg6+ Kh7 51. Rxf6 Rb5 52. Rxa4 Rb3+ 53.
Ke2 Rb2+ 54. Kd3 Rxh2 55. Rxa5 Rd2+ 56. Kxd2 h2 57. Ra7 h1=Q 58. Rxc7+ Kg8 59.
Rg6+ Kf8 60. Rxd6 Qg2+ 61. Kc1 Qg1+ 62. Rd1 Qc5+ 63. Kd2 Qd6+ 64. Ke2 Qxc7 65.
Rc1 Ke8 66. Kf3 Kd8 67. a4 Kc8 68. Rh1 Qf7 69. Kf4 Kc7 70. e5 Qc4+ 71. Kg5 Qe4
72. Rxh5 Qxe5 73. g4 Qg7+ 74. Kf4 Qd4+ 75. Kg3 Qg1+ 76. Kh4 Qf2+ 77. Kg5 Qe3+
78. Kg6 Qe8+ 79. Kg5 Qe3+ 80. Kf6 Qd4+ 81. Kg5 Qe3+ 82. Kg6 Qe8+ 83. Kg7 Qe7+
84. Kg8 Qe8+ 85. Kh7 Qf7+ 86. Kh8 Qf8+ 87. Kh7 Qf7+ 88. Kh6 Qf6+ 89. Kh7 Qf7+
1/2-1/2

[Event "42. Open Ciutat de Badalona 2016 - B"]
[Site "Badalona ESP"]
[Date "2016.08.09"]
[Round "8.8"]
[White "Rios Torondell, Jaume"]
[Black "Ramirez Garcia, Lluis"]
[Result "1-0"]
[WhiteElo "1876"]
[BlackElo "1785"]
[PlyCount "73"]
[EventDate "2016.08.02"]
[EventType "swiss"]
[EventRounds "9"]
[EventCountry "ESP"]
[SourceTitle "Ajedrez en Madrid"]
[Source "lmi"]
[SourceDate "2016.08.02"]
[SourceVersion "1"]
[SourceVersionDate "2018.07.18"]
[SourceQuality "1"]

1. e4 e5 2. d4 exd4 3. Bc4 Bb4+ 4. c3 dxc3 5. bxc3 Bd6 6. Nf3 Qe7 7. O-O Be5 8.
Bxf7+ Kxf7 9. Qd5+ Ke8 10. Qxe5 Qxe5 11. Nxe5 d6 12. Nd3 Ne7 13. Bg5 Nbc6 14.
Nd2 Kf7 15. Rab1 Re8 16. Rb2 Ng6 17. Nb4 Nxb4 18. cxb4 Bd7 19. Rc1 Rac8 20.
Rbc2 c6 21. Be3 Be6 22. f4 Bd5 23. exd5 Rxe3 24. Nc4 Rce8 25. Nxd6+ Kf8 26.
Nxe8 Kxe8 27. dxc6 bxc6 28. Kf2 Rd3 29. g3 Rd4 30. a3 Rd3 31. Re1+ Kd7 32. Re3
Rd1 33. Ke2 Rh1 34. Kf3 a6 35. Rd2+ Kc7 36. f5 Rf1+ 37. Rf2 1-0

[Event "42. Open Ciutat de Badalona 2016 - B"]
[Site "Badalona ESP"]
[Date "2016.08.09"]
[Round "8.9"]
[White "Colome Rovira, Oscar"]
[Black "Al Azmi, Khalaf"]
[Result "1/2-1/2"]
[WhiteElo "1845"]
[BlackElo "1748"]
[PlyCount "70"]
[EventDate "2016.08.02"]
[EventType "swiss"]
[EventRounds "9"]
[EventCountry "ESP"]
[SourceTitle "Ajedrez en Madrid"]
[Source "lmi"]
[SourceDate "2016.08.02"]
[SourceVersion "1"]
[SourceVersionDate "2018.07.18"]
[SourceQuality "1"]

1. d4 Nf6 2. Nf3 g6 3. Bf4 Bg7 4. h3 d6 5. e3 O-O 6. Be2 Re8 7. O-O c5 8. c3
Bf5 9. Nbd2 a6 10. a4 Nbd7 11. g4 Be4 12. g5 Bxf3 13. Bxf3 Nh5 14. Bxh5 e5 15.
Bg3 gxh5 16. Qxh5 exd4 17. exd4 cxd4 18. cxd4 d5 19. Nf3 Re2 20. Ne5 Rxe5 21.
Bxe5 Bxe5 22. dxe5 Nxe5 23. Rfe1 Ng6 24. Ra3 d4 25. Rf3 Qd5 26. Rf6 d3 27. Qf3
Qxg5+ 28. Kh2 Ne5 29. Qg3 Qxg3+ 30. fxg3 Kg7 31. Rff1 f6 32. Rb1 Rc8 33. Kg2
Rc4 34. Rf4 Rc2+ 35. Rf2 Rc4 1/2-1/2

[Event "42. Open Ciutat de Badalona 2016 - B"]
[Site "Badalona ESP"]
[Date "2016.08.09"]
[Round "8.10"]
[White "Cano Sevila, Ivan"]
[Black "Riu Lopez, Sergi"]
[Result "1-0"]
[WhiteElo "1890"]
[BlackElo "1708"]
[PlyCount "117"]
[EventDate "2016.08.02"]
[EventType "swiss"]
[EventRounds "9"]
[EventCountry "ESP"]
[SourceTitle "Ajedrez en Madrid"]
[Source "lmi"]
[SourceDate "2016.08.02"]
[SourceVersion "1"]
[SourceVersionDate "2018.07.18"]
[SourceQuality "1"]

1. d4 e6 2. Bf4 d5 3. Nf3 Nf6 4. e3 c5 5. c3 Nc6 6. Nbd2 Bd6 7. Ne5 O-O 8. Bd3
Qc7 9. Ndf3 b6 10. h4 Ne4 11. Qc2 Bb7 12. Nxc6 Bxf4 13. Nce5 Bxe5 14. Nxe5 f6
15. Nf3 cxd4 16. Nxd4 Qd6 17. Bxe4 dxe4 18. O-O-O Rfd8 19. Qe2 Bd5 20. Kb1 e5
21. Nf5 Bxa2+ 22. Kxa2 Qe6+ 23. Ka1 Qxf5 24. Qc4+ Kh8 25. Qc7 Qc8 26. Rxd8+
Qxd8 27. Qc6 Rc8 28. Qxe4 Rc5 29. Kb1 Rd5 30. Kc1 h6 31. g4 Ra5 32. Kc2 Qd5 33.
Qxd5 Rxd5 34. c4 Rd7 35. Kc3 Kg8 36. b4 Kf7 37. c5 bxc5 38. bxc5 Ke6 39. Kc4
Rd8 40. Ra1 Rd7 41. Ra6+ Ke7 42. c6 Rc7 43. Kd5 g6 44. Ra1 h5 45. gxh5 gxh5 46.
Rg1 e4 47. Ra1 f5 48. Ra6 Kd8 49. Ke6 Re7+ 50. Kxf5 Kc8 51. Kg6 Re5 52. Rxa7
Re6+ 53. Kxh5 Rxc6 54. Kg5 Rc2 55. Rf7 Kd8 56. Rf4 Rc5+ 57. Kg6 Rc6+ 58. Kf5
Rc5+ 59. Kxe4 1-0

[Event "42. Open Ciutat de Badalona 2016 - B"]
[Site "Badalona ESP"]
[Date "2016.08.10"]
[Round "9.1"]
[White "Colom Andres, Xavier"]
[Black "Martinez Perez, Pablo"]
[Result "0-1"]
[WhiteElo "1790"]
[BlackElo "1799"]
[PlyCount "78"]
[EventDate "2016.08.02"]
[EventType "swiss"]
[EventRounds "9"]
[EventCountry "ESP"]
[SourceTitle "Ajedrez en Madrid"]
[Source "lmi"]
[SourceDate "2016.08.02"]
[SourceVersion "1"]
[SourceVersionDate "2018.07.18"]
[SourceQuality "1"]

1. d4 Nf6 2. Nf3 e6 3. c4 Bb4+ 4. Nbd2 O-O 5. a3 Be7 6. g3 d6 7. Bg2 c5 8. O-O
Qc7 9. dxc5 dxc5 10. Qc2 Nc6 11. Ne4 Nxe4 12. Qxe4 f5 13. Qc2 e5 14. e3 Bf6 15.
Bd2 e4 16. Ne1 Be6 17. Rb1 Rad8 18. f4 Rd7 19. b3 Rfd8 20. Rf2 h5 21. Bc3 Bxc3
22. Qxc3 Rd1 23. Rfb2 R8d3 24. Qc2 Qd8 25. Rxd1 Rxd1 26. Kf2 h4 27. Bf1 Rd7 28.
Ng2 hxg3+ 29. hxg3 Qf6 30. Rb1 Qd8 31. Ke1 Qa5+ 32. Ke2 Qxa3 33. Qb2 Qb4 34.
Rd1 Bxc4+ 35. Kf2 Rxd1 36. Bxc4+ Kf8 37. Be2 Qd2 38. Qa3 Rc1 39. Qa4 Rc2 0-1

[Event "42. Open Ciutat de Badalona 2016 - B"]
[Site "Badalona ESP"]
[Date "2016.08.10"]
[Round "9.2"]
[White "Petit Montes, Marc"]
[Black "Alonso Gomez, Raul"]
[Result "0-1"]
[WhiteElo "1770"]
[BlackElo "1876"]
[PlyCount "132"]
[EventDate "2016.08.02"]
[EventType "swiss"]
[EventRounds "9"]
[EventCountry "ESP"]
[SourceTitle "Ajedrez en Madrid"]
[Source "lmi"]
[SourceDate "2016.08.02"]
[SourceVersion "1"]
[SourceVersionDate "2018.07.18"]
[SourceQuality "1"]

1. b3 d5 2. e3 c6 3. Bb2 e6 4. f4 Nf6 5. Nf3 a5 6. a4 Nbd7 7. Be2 Qb6 8. Ne5
Be7 9. Bf3 Nf8 10. Qe2 Ng6 11. O-O Nxf4 12. Qf2 Ng6 13. d3 Bd6 14. Ng4 Nxg4 15.
Bxg4 O-O 16. Nd2 Qc7 17. h3 Be5 18. d4 Bd6 19. c4 e5 20. Bxc8 Raxc8 21. Rac1
Qe7 22. Qf5 Nh4 23. Qd3 Qg5 24. Qe2 e4 25. Rfd1 Qg3 26. Nf1 Qg5 27. Bc3 b6 28.
c5 bxc5 29. dxc5 Bc7 30. Rc2 Nf3+ 31. Kh1 Ne5 32. Qa6 Ra8 33. Qb7 Rfc8 34. Rf2
Nd3 35. Rc2 Qf5 36. Qxc6 Nf2+ 37. Rxf2 Qxf2 38. Qxd5 Rd8 39. Qg5 f6 40. Qg4 Rd3
41. Bd4 Rxd1 42. Qxd1 Rb8 43. Nd2 Qg3 44. Nf1 Qf2 45. Nd2 Rd8 46. Nxe4 Qh4 47.
Nd6 Bxd6 48. cxd6 Rxd6 49. Qc2 Rd8 50. Qc4+ Kh8 51. Qc7 Qe1+ 52. Kh2 Rg8 53.
Bc3 Qxe3 54. Qxa5 Qf4+ 55. Kg1 Rc8 56. Bd2 Qe4 57. Qb6 h5 58. Bb4 Rc2 59. Qb8+
Kh7 60. Qg3 Rc1+ 61. Kh2 Qxb4 62. Qd3+ Kg8 63. Qd8+ Kf7 64. Qd5+ Ke7 65. Qf3
Qd6+ 66. g3 Qd2+ 0-1